000
00292nam a22001097a 4500
999
_c
519235
_d
519235
082
_a
PKP A7x54 K529
100
_a
Khullar, D.R
_9
29923
245
_a
India:
_b
A comprehensive geography
_c
by D.R. Khullar
260
_a
New Delhi
_b
Kalyani
_c
2005
300
_a
v.p.
650
_a
Geography
_9
29924